000 00705nam a2200229 a 4500
001 13621
003 BD-JhCC
005 20240304130807.0
008 171128s2017 bg |||| ||a| 000 0 ben d
020 _a9789849263715
035 _a(BD-JhCC)13621
040 _aBD-JhCC
_dBD-JhCC
041 _abengali
082 _a891.443
_bGUN 2017
100 _a গুণ, নির্মলেন্দু
245 _aকালো মেঘের ভেলা /
_c নির্মলেন্দু গুণ ।
260 _aঢাকা :
_bনওরোজ সাহিত্য সংসদ;
_c2017.
300 _a63 p. :
_c22 cm.
_bill;
650 _aBengali Novel.
942 _2ddc
_cBK
999 _c13621
_d13621